| 000 | 00570nam a22002177a 4500 | ||
|---|---|---|---|
| 003 | OSt | ||
| 005 | 20150611190227.0 | ||
| 008 | 150610b xxu||||| |||| 00| 0 eng d | ||
| 020 | _a9780808924203 | ||
| 040 | _cDNLM | ||
| 082 | _aWS100 N331r 2011 | ||
| 100 |
_aKliegman, Robert _94334 |
||
| 245 | _aNelson Textbook of pediatrics | ||
| 250 | _a19th ed. | ||
| 260 |
_aPhiladelphia; _bElsevier, _c2011 |
||
| 300 |
_alxvii,2610p _bcol.ill: _c28cm |
||
| 504 | _aIndices included | ||
| 650 |
_aPediatrics _93353 |
||
| 700 |
_aStanton, Bonita F. _95228 |
||
| 942 |
_2z _cO_SHELF |
||
| 999 |
_c2003 _d2003 |
||